|
|
|
|
| LEADER |
00614nam a22001574a 4500 |
| 008 |
140513n ii |||gr||||Z||||||eng |
| 100 |
|
|
|a The Economist Intelligence Unit and the Cartographic Department of the Clarendon Press.
|
| 245 |
1 |
|
|a Oxford Economic Atlas of the World
|
| 250 |
|
|
|a Ist Edition 1954.
|
| 260 |
|
|
|a [s.l]:
|b Oxford University Press,
|c 1954.
|
| 300 |
|
|
|a 152p.
|
| 630 |
|
|
|a Statistics,Commodity Maps, Concluding Section.
|
| 852 |
|
|
|t 1
|p STA01274
|a S- 14 R-3
|b General
|f 00000
|
| 942 |
|
|
|c BK
|
| 999 |
|
|
|c 217605
|d 217605
|
| 952 |
|
|
|0 0
|1 0
|4 0
|7 0
|9 231747
|a STA
|b STA
|d 2019-12-11
|l 0
|p STA01274
|r 2019-12-11
|t 1
|w 2019-12-11
|y BK
|